Harry Potter Quiz - Statistics

General Stats
  • This quiz has been taken 28 times
    23 since last reset
  • The average score is 7 of 10
Answer Stats
Question Answer % Correct
How many Harry Potter books are there? 7
94%
Which of these teachers DID teach DADA Snape
89%
What are Lord Voldemort's followers called? Death Eaters
83%
Which of these characters die? Fred Weasley
83%
Which of these classes are NOT taught at Hogwarts? Enchantments
78%
Pick a number 7
72%
How many different House Elves are named 4
61%
Which of these names or spells are NOT based off of Latin Hermione
44%
Which of these is NOT a real potion None of the above
33%
How many headmasters are seen by Harry Potter 5
17%
No matching quizzes found
Score Distribution
Percent of People with Each Score
Percentile by Number Answered
Your Score History
You have not taken this quiz since the last reset